| 000 | 01151nam a22002777a 4500 | ||
|---|---|---|---|
| 999 |
_c63599 _d63599 |
||
| 005 | 20240530110649.0 | ||
| 008 | 171210s2015 su a g b 000 0 ara d | ||
| 017 |
_a1435/7999 _bالسعودية . مكتبة الملك فهد الوطنية |
||
| 020 | _a9786038139585 | ||
| 040 |
_aEG-CaGPL _cEG-CaGPL |
||
| 082 | 0 | 4 |
_221 _a155.28 / _bع إ |
| 100 | 0 | _aعلى احمد سيد مصطفى | |
| 245 | 1 | 2 |
_aالاختبارات والمقاييس النفسية والتربوية فى ضوء DSM-V / _cعلى احمد سيد مصطفى ، صابر ابراهيم هلال |
| 250 | _aط.1 | ||
| 260 |
_aالرياض : _bدار الزهراء ، _c2015. |
||
| 300 |
_a368 ص. : _bجداول ؛ _c24 سم. |
||
| 504 | _aيشتمل على ارجاعات ببليوجرافية | ||
| 650 | 0 | 7 |
_2qrmak _aعلم النفس |
| 650 | 0 | 7 |
_2qrmak _aعلم النفس التربوى |
| 650 | 0 | 7 |
_2qrmak _aعلم النفس التطبيقى |
| 650 | 0 | 7 |
_2qrmak _aالاختبارات النفسية |
| 651 | _2qrmak | ||
| 700 | 0 |
_aصابر ابراهيم هلال _eمؤلف مشارك |
|
| 942 |
_2ddc _cBK |
||